Best NBA centers of all time - Statistics

General Stats
  • This quiz has been taken 31 times
  • The average score is 7 of 10
Answer Stats
Answer % Correct
Kareem Abdul Jabbar
97%
Wilt Chamberlain
93%
Bill Russell
90%
Robinson
83%
Shaq
70%
Hakeem
60%
Patrick Ewing
60%
Nikola Jokic
57%
Moses Malone
43%
George Mikan
30%
No matching quizzes found
Score Distribution
Percent of People with Each Score
Percentile by Number Answered
Your Score History
You have not taken this quiz